Study of certain factors related to the development of conceptual generalizations (concept learning) among adults (Record no. 21022)

MARC details
000 -LEADER
fixed length control field 00420nam a2200133Ia 4500
082 ## - DEWEY DECIMAL CLASSIFICATION NUMBER
Classification number TR.0033
100 ## - MAIN ENTRY--AUTHOR NAME
Personal name Reddy, M.V. Sudhakara
245 #0 - TITLE STATEMENT
Title Study of certain factors related to the development of conceptual generalizations (concept learning) among adults
260 ## - PUBLICATION, DISTRIBUTION, ETC. (IMPRINT)
Year of publication 1980
Name of publisher Sri Venkateswara University
300 ## - PHYSICAL DESCRIPTION
Number of Pages 316p. + C D - 50
650 ## - SUBJECT ADDED ENTRY--TOPICAL TERM
Topical Term CONCEPT LEARNING
710 ## - ADDED ENTRY--CORPORATE NAME
Corporate name or jurisdiction name as entry element Ramamurti, P.V.
942 ## - ADDED ENTRY ELEMENTS (KOHA)
Koha item type Thesis
Source of classification or shelving scheme Dewey Decimal Classification
Holdings
Withdrawn status Lost status Damaged status Not for loan Home library Current library Date acquired Bill Date Full call number Accession Number Price effective from Koha item type
        NASSDOC Library NASSDOC Library 08/10/2004 2004-10-22 TR.0033 15896 18/04/2019 Thesis